| 000 | 003910000a22001450004500 | ||
|---|---|---|---|
| 020 | _a958-614-224-8 | ||
| 041 | 0 | _aSPA | |
| 082 | 0 | 4 | _aG 922 C119s |
| 100 | 1 | _aCacua Prada, Antonio (1932-) | |
| 245 | 1 | 0 | _aJosé Gregorio Hernández : Venerable siervo de Dios, médico y santo / Antonio Cacua Prada |
| 260 | _aBogotá, Colombia : Planeta | ||
| 300 | _a221 Pag | ||
| 001 | 11443 | ||
| 942 | _cBK | ||
| 999 |
_c40745 _d40745 |
||